| Tag |
First Indicator |
Second Indicator |
Subfields |
| LEADER |
00000cam a2200000Ia 4500 |
| 001 |
in00002322607 |
| 005 |
20190326204309.0 |
| 006 |
m | d | |
| 007 |
cr |n||||||||n |
| 008 |
910819s1773 enka s 000 0 eng d |
| 010 |
|
|
|a nuc87558648
|
| 040 |
|
|
|a ResP
|c RQM
|d GKS
|d OCL
|d Thomson Gale
|d UtOrBLW
|
| 043 |
|
|
|a e-uk---
|
| 050 |
1 |
4 |
|a TS2020
|b .J2
|
| 050 |
1 |
4 |
|a HB161
|b .G64 no. 11059.1
|
| 082 |
0 |
4 |
|a 330
|b G62
|
| 100 |
1 |
|
|a Jacob, J.
|q (Joseph)
|
| 245 |
1 |
0 |
|a Observations on the structure and draught of wheel-carriages /
|c By J. Jacob.
|
| 264 |
|
1 |
|a London :
|b E. and C. Dilly,
|c 1773.
|
| 300 |
|
|
|a 5 unnumbered pages, 99 pages :
|b folded diagrams ;
|c 22 x 27 cm.
|
| 336 |
|
|
|a text
|b txt
|2 rdacontent
|
| 337 |
|
|
|a computer
|b c
|2 rdamedia
|
| 338 |
|
|
|a online resource
|b cr
|2 rdacarrier
|
| 500 |
|
|
|a Reproduction of original from Kress Library of Business and Economics, Harvard University.
|
| 500 |
|
|
|a Goldsmiths'-Kress number 11059.1.
|
| 510 |
4 |
|
|a OCLC,
|c 24253189
|
| 533 |
|
|
|a Electronic reproduction.
|b Farmington Hills, Mich. :
|c Thomson Gale,
|d 2005.
|f (The making of the modern world).
|n Available via the World Wide Web.
|n Access limited to licensing agreements.
|7 s2005 miunns
|
| 500 |
|
|
|a Electronic resource.
|
| 650 |
|
0 |
|a Carriages.
|
| 650 |
|
0 |
|a Wagons.
|
| 655 |
|
0 |
|a Electronic books.
|
| 830 |
|
0 |
|a Making of the modern world (Goldsmiths'-Kress Library of Economic Literature)
|
| 856 |
4 |
0 |
|u http://proxy.library.tamu.edu/login?url=http://galenet.galegroup.com/servlet/MOME?af=RN&ae=U101617381&srchtp=a&ste=14&locID=txshracd2898
|z Connect to the full text of this electronic book
|t 0
|
| 999 |
|
|
|a MARS
|
| 999 |
f |
f |
|s 47e788be-27b9-3b32-94dc-dd152dca40d0
|i 366f4cfc-9da9-30f2-9980-7ce80f632d93
|t 0
|
| 952 |
f |
f |
|a Texas A&M University
|b College Station
|c Electronic Resources
|d Available Online
|t 0
|e HB161 .G64 no. 11059.1
|h Library of Congress classification
|
| 998 |
f |
f |
|a HB161 .G64 no. 11059.1
|t 0
|l Available Online
|